000 00413nam a22001697a 4500
003 NUST - PNEC
005 20170116181154.0
008 160107b xxu||||| |||| 00| 0 eng d
020 _a-
040 _cLIBRARY
082 _a954 TIN
100 _915742
_aTinker hugh
245 _aExperiment with freedom india & Pakistan 1947
_cHugh Tinker
260 _cc1967.
650 _915743
_a-
_x-
942 _2ddc
_cBK
999 _c71112
_d71112